[Event "Open SSM Inverno"]
[Site "Milano ITA"]
[Date "2015.01.29"]
[Round "6"]
[White "Rottondi, Paolo"]
[Black "Pollio, Ciro"]
[WhiteElo "1594"]
[BlackElo "1785"]
[Result "1/2-1/2"]
[PlyCount "86"]
[EventDate "2015.02.05"]

1. e4 c5 2. d4 cxd4 3. c3 Nf6 4. e5 Nd5 5. Bc4 e6 6. cxd4 d6 7. Nf3 Nc6 8. Nc3
Nxc3 9. bxc3 dxe5 10. d5 exd5 11. Bxd5 Be7 12. Bxc6+ bxc6 13. Qxd8+ Bxd8 14.
Nxe5 Bf6 15. Bf4 Ba6 16. c4 Bxc4 17. Rc1 Bb5 18. Nc4 O-O 19. O-O Rfe8 20. Be3
Rad8 21. Rfe1 Re4 22. Na5 Ra4 23. Nxc6 Bxc6 24. Rxc6 Rxa2 25. Rec1 Ra1 26. Rxa1
Bxa1 27. Rc1 Bb2 28. Rb1 Be5 29. Bxa7 f6 30. Be3 Kf7 31. g3 Ke6 32. Kg2 f5 33.
Rb6+ Kf7 34. Ra6 Rc8 35. h4 Bf6 36. Kh3 Rc7 37. Ra7 Rxa7 38. Bxa7 Ke6 39. Kg2
Ke5 40. Kf3 g6 41. Ke3 h6 42. Bd4+ Ke6 43. Bxf6 Kxf6 1/2-1/2

[Event "Open SSM Inverno"]
[Site "Milano ITA"]
[Date "2015.01.29"]
[Round "6"]
[White "Silari, Andrea"]
[Black "Rutigliano, Cesare"]
[WhiteElo "1719"]
[BlackElo "1625"]
[Result "0-1"]
[PlyCount "66"]
[EventDate "2015.02.05"]

1. e4 d5 2. exd5 Nf6 3. d4 Nxd5 4. Nf3 Bg4 5. Be2 e6 6. O-O Be7 7. Ne5 Bxe2 8.
Qxe2 O-O 9. b3 Nd7 10. c4 N5b6 11. Bb2 Nf6 12. Nd2 c5 13. Ndf3 cxd4 14. Nxd4 a6
15. Rad1 Qc7 16. Rd3 Rad8 17. Rh3 Nbd7 18. Nxf7 Rxf7 19. Nxe6 Qb6 20. Nxd8 Bxd8
21. Rd1 Bc7 22. Bd4 Qc6 23. Re3 Nf8 24. Be5 Bb6 25. Red3 Ne4 26. Bd4 Nxf2 27.
Qxf2 Rxf2 28. Bxf2 Bxf2+ 29. Kxf2 Ne6 30. Rd6 Qc5+ 31. Kf1 Qf5+ 32. Kg1 h6 33.
Rf1 Qc5+ 0-1

[Event "Open SSM Inverno"]
[Site "Milano ITA"]
[Date "2015.02.03"]
[Round "7"]
[White "Aloe, Giancarlo"]
[Black "Bracco, Valter"]
[WhiteElo "1631"]
[BlackElo "1458"]
[Result "1-0"]
[PlyCount "78"]
[EventDate "2015.02.05"]

1. d4 d5 2. Nf3 Nf6 3. g3 e6 4. Bg2 Nbd7 5. O-O Bd6 6. b3 O-O 7. Bb2 a6 8. Nbd2
b5 9. c4 c6 10. c5 Bc7 11. b4 Bb7 12. Qc2 Re8 13. e4 dxe4 14. Nxe4 Nxe4 15.
Qxe4 Nf6 16. Qh4 Nd7 17. Qh5 Nf6 18. Qh3 Qe7 19. Rfe1 Bc8 20. Ne5 Bxe5 21. dxe5
Nd5 22. a3 a5 23. Qg4 Bb7 24. Rad1 axb4 25. axb4 Ra4 26. Rd4 Rea8 27. Bxd5 cxd5
28. h4 Ra2 29. Re2 Bc8 30. Qf3 Bb7 31. Qd3 h6 32. Rd2 Qe8 33. Rg4 Bc8 34. Qe3
Bd7 35. Qxh6 Qf8 36. Qg5 Bc6 37. h5 d4 38. h6 g6 39. f4 Qd8 $138 1-0

[Event "Open SSM Inverno"]
[Site "Milano ITA"]
[Date "2015.02.03"]
[Round "7"]
[White "Ciciotti, Augusto"]
[Black "Silari, Andrea"]
[WhiteElo "1882"]
[BlackElo "1719"]
[Result "1-0"]
[PlyCount "61"]
[EventDate "2015.02.05"]

1. d4 Nf6 2. c4 g6 3. Nc3 Bg7 4. e4 d6 5. Nf3 O-O 6. Be2 e5 7. O-O Nc6 8. d5
Ne7 9. b4 Nh5 10. g3 f5 11. Ng5 Nf6 12. f3 h6 13. Ne6 Bxe6 14. dxe6 Qc8 15. Nd5
Nfxd5 16. exd5 c6 17. Be3 b6 18. Rc1 c5 19. bxc5 bxc5 20. Rb1 Rb8 21. Qc2 Qc7
22. Rxb8 Rxb8 23. Rb1 Rxb1+ 24. Qxb1 Qb6 25. Qb3 e4 26. Bf4 g5 27. Qxb6 axb6
28. Bxd6 Nc8 29. Bb8 Bc3 30. d6 Kf8 31. fxe4 1-0

[Event "Open SSM Inverno"]
[Site "Milano ITA"]
[Date "2015.02.03"]
[Round "7"]
[White "Colica, Daniele"]
[Black "Astengo, Corrado"]
[WhiteElo "1705"]
[BlackElo "2123"]
[Result "0-1"]
[PlyCount "130"]
[EventDate "2015.02.05"]

1. Nf3 d5 2. b3 Nf6 3. Bb2 Bf5 4. c4 e6 5. g3 Bd6 6. Bg2 O-O 7. O-O Nbd7 8. d3
Qe7 9. Nbd2 Rad8 10. Nh4 Bg4 11. Re1 c6 12. Qc2 e5 13. Nf1 Bb4 14. Bc3 Bxc3 15.
Qxc3 d4 16. Qd2 Be6 17. b4 e4 18. Bh1 h6 19. e3 exd3 20. exd4 Qd6 21. c5 Qxd4
22. Ne3 Ne5 23. Nef5 Bxf5 24. Nxf5 Nc4 25. Nxd4 Nxd2 26. Rad1 Rxd4 27. Rxd2
Rfd8 28. b5 Rc4 29. bxc6 bxc6 30. Red1 Rxc5 31. Rxd3 Rxd3 32. Rxd3 Rc1+ 33. Kg2
a5 34. Ra3 Rc5 35. Kf1 Ng4 36. h3 Ne5 37. Be4 Kf8 38. f4 Nc4 39. Ra4 Nd2+ 40.
Ke1 Nxe4 41. Rxe4 Rc3 42. Kf2 Rc2+ 43. Kf3 Rxa2 44. Rc4 a4 45. Rxc6 Rb2 46. Ra6
Rb3+ 47. Kf2 a3 48. Ra7 Rb2+ 49. Kf3 a2 50. Ra6 Ke7 51. g4 Kd7 52. g5 h5 53. f5
Kc7 54. g6 fxg6 55. fxg6 Kb7 56. Ra3 Kb6 57. Kf4 Rg2 58. Kf3 Rc2 59. Kf4 Kb5
60. Kg5 Kb4 61. Ra7 Rc5+ 62. Kh4 Ra5 63. Rxg7 a1=Q 64. Rb7+ Ka3 65. g7 Qe1# 0-1

[Event "Open SSM Inverno"]
[Site "Milano ITA"]
[Date "2015.02.03"]
[Round "7"]
[White "Marchesotti, Giovanni"]
[Black "Frignani, Alessandro"]
[WhiteElo "1479"]
[BlackElo "1378"]
[Result "1-0"]
[PlyCount "55"]
[EventDate "2015.02.05"]

1. c4 c5 2. Nc3 Nc6 3. Nf3 e6 4. e4 e5 5. d3 h6 6. Be2 a6 7. a3 d6 8. Rb1 Be6
9. b4 cxb4 10. axb4 Na7 11. Bd2 Nf6 12. d4 exd4 13. Nxd4 Qc8 14. Nd5 Nxd5 15.
cxd5 Bd7 16. O-O g6 17. Rc1 Qd8 18. Be3 Bg7 19. Qd2 b5 20. Nc6 Nxc6 21. dxc6
Bc8 22. Rfd1 Ke7 23. c7 Qd7 24. Bf4 Be5 25. Bxe5 dxe5 26. Qc3 Qe6 27. Qc5+ Kf6
28. Rd6 1-0

[Event "Open SSM Inverno"]
[Site "Milano ITA"]
[Date "2015.02.03"]
[Round "7"]
[White "Mariano, Elia"]
[Black "Rottondi, Paolo"]
[WhiteElo "2229"]
[BlackElo "1594"]
[Result "1-0"]
[PlyCount "45"]
[EventDate "2015.02.05"]

1. d4 d5 2. Nc3 c6 3. e4 e6 4. Nf3 Bb4 5. e5 Ne7 6. Bd3 c5 7. dxc5 Bxc5 8. O-O
Nbc6 9. Na4 Bb6 10. Nxb6 Qxb6 11. Re1 O-O 12. Bxh7+ Kh8 13. Bd3 g6 14. Bh6 Bd7
15. Qd2 Ng8 16. Bxf8 Rxf8 17. Qf4 Kg7 18. h4 f6 19. exf6+ Rxf6 20. Qe3 d4 21.
Qg5 Nce7 22. Ne5 Be8 23. Ng4 1-0

[Event "Open SSM Inverno"]
[Site "Milano ITA"]
[Date "2015.02.03"]
[Round "7"]
[White "Papale, Carmelo"]
[Black "Pelizzola, Danilo"]
[WhiteElo "1799"]
[BlackElo "2053"]
[Result "0-1"]
[PlyCount "84"]
[EventDate "2015.02.05"]

1. e4 e5 2. Nf3 Nc6 3. Bb5 a6 4. Ba4 Nf6 5. O-O Be7 6. Re1 b5 7. Bb3 d6 8. c3
O-O 9. h3 Bb7 10. d4 Re8 11. Nbd2 Bf8 12. a4 h6 13. d5 Ne7 14. Nf1 c6 15. dxc6
Bxc6 16. Ng3 Qc7 17. Qd3 Rad8 18. axb5 axb5 19. Qe3 Ra8 20. Bd2 d5 21. Rxa8
Bxa8 22. exd5 Nexd5 23. Qe2 Nf4 24. Qxb5 Nxh3+ 25. Kf1 Rb8 26. Qc4 Qb6 27.
Qxf7+ Kh8 28. gxh3 Bxf3 29. Bc4 Qd6 30. Bc1 Rd8 31. Nf5 Qd1 32. Ne3 Qd6 33. Nf5
Qc6 34. Ne3 Bh5 35. Bd5 Qd6 36. Qb7 Nxd5 37. Nc4 Qe6 38. Nxe5 Qxh3+ 39. Kg1 Bc5
40. Nf7+ Bxf7 41. Qxf7 Nf6 42. Bf4 Qg4+ 0-1

[Event "Open SSM Inverno"]
[Site "Milano ITA"]
[Date "2015.02.03"]
[Round "7"]
[White "Pasini, Nicolo'"]
[Black "Pollio, Ciro"]
[WhiteElo "1644"]
[BlackElo "1785"]
[Result "1-0"]
[PlyCount "43"]
[EventDate "2015.02.05"]

1. e4 c5 2. Nf3 Nc6 3. d4 cxd4 4. Nxd4 e5 5. Nb5 d6 6. c4 Be7 7. N1c3 a6 8. Qa4
Be6 9. Nd5 Bxd5 10. cxd5 axb5 11. Qxb5 Qa5+ 12. Bd2 Qxb5 13. Bxb5 Kd7 14. a4 f5
15. Rc1 Rc8 16. a5 Nf6 17. a6 fxe4 18. axb7 Nxd5 19. bxc8=Q+ Rxc8 20. O-O Nf4
21. Bxf4 exf4 22. Rxc6 1-0

[Event "Open SSM Inverno"]
[Site "Milano ITA"]
[Date "2015.02.03"]
[Round "7"]
[White "Pipitone, Filippo Massimo"]
[Black "Di Paola, Antonio"]
[WhiteElo "1545"]
[BlackElo "1717"]
[Result "0-1"]
[PlyCount "48"]
[EventDate "2015.02.05"]

1. d4 Nf6 2. Nf3 e6 3. c4 b6 4. a3 Ba6 5. Qc2 c5 6. d5 exd5 7. cxd5 d6 8. Nc3
Nbd7 9. Bf4 Be7 10. Rd1 O-O 11. Qa4 Bb7 12. e4 a6 13. Qc2 Re8 14. Be2 Bf8 15.
O-O Qe7 16. Rfe1 b5 17. Bf1 Nh5 18. Qd2 Nxf4 19. Qxf4 Ne5 20. Ne2 Bc8 21. Ng3
Ng6 22. Qc1 Bg4 23. Rd3 Ra7 24. Nd4 cxd4 0-1

[Event "Open SSM Inverno"]
[Site "Milano ITA"]
[Date "2015.02.03"]
[Round "7"]
[White "Rutigliano, Cesare"]
[Black "Giaretta, Fulvio"]
[WhiteElo "1625"]
[BlackElo "1818"]
[Result "0-1"]
[PlyCount "80"]
[EventDate "2015.02.05"]

1. e4 e5 2. d4 exd4 3. Qxd4 Nc6 4. Qe3 d6 5. Nc3 Nf6 6. Bd2 Be7 7. Be2 Ne5 8.
h3 Be6 9. O-O-O c6 10. Qg3 Qc7 11. f4 Nc4 12. Be1 Nb6 13. e5 Nfd5 14. Qxg7
O-O-O 15. Qg3 Rhg8 16. Qf2 Nxf4 17. exd6 Bxd6 18. Bf3 Kb8 19. Nge2 Nbd5 20. Ne4
Nxe2+ 21. Qxe2 Be5 22. Bh4 f6 23. Nc5 Qb6 24. Nb3 a5 25. Bf2 Qc7 26. Nd4 Bf7
27. g4 Nb4 28. a3 Rge8 29. Qf1 Bxd4 30. axb4 Bxf2 31. Rxd8+ Rxd8 32. Qxf2 Qf4+
33. Kb1 Qxb4 34. Qh4 Qa4 35. b3 Bxb3 36. Qg3+ Ka8 37. cxb3 Qxb3+ 38. Kc1 Qc3+
39. Kb1 Rd2 40. Rh2 Qb2# 0-1

[Event "Open SSM Inverno"]
[Site "Milano ITA"]
[Date "2015.02.03"]
[Round "7"]
[White "Villalba, Fernando"]
[Black "Montaruli, Roberto"]
[WhiteElo "1833"]
[BlackElo "1844"]
[Result "0-1"]
[PlyCount "76"]
[EventDate "2015.02.05"]

1. d4 d5 2. Nf3 e6 3. Bf4 c5 4. c3 Nc6 5. e3 Qb6 6. Qb3 Nf6 7. Qxb6 axb6 8. Bc7
Nd7 9. Ne5 Ndxe5 10. dxe5 c4 11. Bxb6 Nxe5 12. Bc7 Nc6 13. Bg3 b5 14. Nd2 b4
15. Be2 bxc3 16. bxc3 Be7 17. O-O O-O 18. Bf3 Ba6 19. e4 d4 20. e5 Rac8 21. Ne4
dxc3 22. Nxc3 Nd4 23. Rfc1 Ba3 24. Ne4 Nxf3+ 25. gxf3 Bxc1 26. Rxc1 Rc6 27. Nc3
Rd8 28. Bf4 Rd3 29. Kg2 Bb7 30. Be3 Rc8 31. Nb5 Bd5 32. Nc3 Rb8 33. Nxd5 exd5
34. Bc5 c3 35. f4 Rb2 36. f5 c2 37. e6 fxe6 38. fxe6 Rd1 0-1

[Event "Open SSM Inverno"]
[Site "Milano ITA"]
[Date "2015.02.05"]
[Round "8"]
[White "Bracco, Valter"]
[Black "Pipitone, Filippo Massimo"]
[WhiteElo "1458"]
[BlackElo "1545"]
[Result "1/2-1/2"]
[PlyCount "53"]
[EventDate "2015.02.05"]

1. e4 c5 2. Nc3 Nc6 3. g3 g6 4. Bg2 Bg7 5. d3 d6 6. Be3 e6 7. Qd2 Rb8 8. a4
Nge7 9. Bh6 O-O 10. Bxg7 Kxg7 11. Nf3 e5 12. O-O f5 13. exf5 Bxf5 14. Nh4 Be6
15. Rae1 Qb6 16. Qc1 c4 17. Kh1 cxd3 18. cxd3 Rxf2 19. Ne4 Rxf1+ 20. Rxf1 Qd8
21. Ng5 Nd4 22. Nhf3 Bd5 23. Nxd4 Bxg2+ 24. Kxg2 Qb6 25. Nge6+ Kg8 26. Qh6
Qxb2+ 27. Rf2 1/2-1/2

[Event "Open SSM Inverno"]
[Site "Milano ITA"]
[Date "2015.02.05"]
[Round "8"]
[White "Casamassima, Paolo"]
[Black "Aloe, Giancarlo"]
[WhiteElo "1709"]
[BlackElo "1631"]
[Result "1/2-1/2"]
[PlyCount "91"]
[EventDate "2015.02.05"]

1. d4 d5 2. c4 Bf5 3. Nf3 Nf6 4. Bg5 e6 5. Nbd2 c6 6. e3 Nbd7 7. h3 Be7 8. Nh4
O-O 9. Nxf5 exf5 10. Bd3 Ne4 11. Bxe7 Qxe7 12. O-O Qb4 13. Nxe4 fxe4 14. Be2 f5
15. b3 Qe7 16. c5 Qh4 17. f3 Rf6 18. fxe4 Qxe4 19. Rf3 Raf8 20. Bd3 Qh4 21. Kh2
Qh6 22. Qc2 g6 23. Raf1 Re6 24. Qf2 Nf6 25. Kg1 Rfe8 26. Re1 Ne4 27. Bxe4 Rxe4
28. Qg3 Qg7 29. Kf2 h6 30. b4 Qf7 31. h4 Kh7 32. Rf4 Qe7 33. h5 Rg8 34. Qf3
Rxf4 35. exf4 Qh4+ 36. Kf1 gxh5 37. g3 Qh3+ 38. Kf2 Qh2+ 39. Qg2 Qxg2+ 40. Kxg2
Rg7 41. Kh3 Rf7 42. Re6 Kg7 43. Kh4 Rf6 44. Re7+ Rf7 45. Re6 Rf6 46. Re7+
1/2-1/2

[Event "Open SSM Inverno"]
[Site "Milano ITA"]
[Date "2015.02.05"]
[Round "8"]
[White "Pasini, Nicolo'"]
[Black "Mariano, Elia"]
[WhiteElo "1644"]
[BlackElo "2229"]
[Result "0-1"]
[PlyCount "90"]
[EventDate "2015.02.05"]

1. e4 c6 2. Nc3 d5 3. Nf3 Nf6 4. e5 Ne4 5. d4 Bg4 6. Be2 Nxc3 7. bxc3 e6 8. Nd2
Bxe2 9. Qxe2 c5 10. dxc5 Bxc5 11. c4 Nc6 12. O-O O-O 13. Nb3 Bd4 14. Nxd4 Nxd4
15. Qg4 Nf5 16. Ba3 Re8 17. cxd5 Qxd5 18. Qe2 Nd4 19. Qd3 Nb5 20. Bb2 Qxd3 21.
cxd3 Red8 22. Rfd1 Rac8 23. Rac1 h6 24. a4 Nc7 25. Ba3 Nd5 26. Kf1 Nc3 27. Rd2
Nxa4 28. Rb1 b6 29. Bd6 Nc3 30. Ra1 a5 31. Rb2 Nd5 32. g3 Rc6 33. Ke2 Rdc8 34.
Kd2 f5 35. Kd1 Kf7 36. Kd2 g5 37. Kd1 g4 38. Kd2 h5 39. Kd1 Kg6 40. Kd2 Kg5 41.
Kd1 h4 42. Kd2 f4 43. Re1 hxg3 44. hxg3 Rh8 45. Ra2 fxg3 0-1

[Event "Open SSM Inverno"]
[Site "Milano ITA"]
[Date "2015.02.05"]
[Round "8"]
[White "Pelizzola, Danilo"]
[Black "Giaretta, Fulvio"]
[WhiteElo "2053"]
[BlackElo "1818"]
[Result "1-0"]
[PlyCount "57"]
[EventDate "2015.02.05"]

1. e4 c5 2. Nf3 d6 3. d4 cxd4 4. Nxd4 Nf6 5. Nc3 g6 6. Be3 Bg7 7. f3 O-O 8. Bc4
Nc6 9. Qd2 Bd7 10. O-O-O Qa5 11. g4 Rfc8 12. Bb3 Ne5 13. h4 Nc4 14. Bxc4 Rxc4
15. Kb1 Rac8 16. g5 Nh5 17. Nd5 Qxd2 18. Rxd2 Bxd4 19. Bxd4 Kf8 20. Bxa7 Ra4
21. Bd4 Ra6 22. b3 Bc6 23. Nb6 Re8 24. c4 Nf4 25. b4 Ba4 26. Kb2 e5 27. Be3 Ke7
28. b5 Ne6 29. bxa6 1-0

[Event "Open SSM Inverno"]
[Site "Milano ITA"]
[Date "2015.02.05"]
[Round "8"]
[White "Pollio, Ciro"]
[Black "Colica, Daniele"]
[WhiteElo "1785"]
[BlackElo "1705"]
[Result "1-0"]
[PlyCount "79"]
[EventDate "2015.02.05"]

1. d4 Nf6 2. c4 e5 3. dxe5 Ne4 4. a3 b6 5. Qc2 Bb7 6. Nd2 Nc5 7. Ngf3 d6 8. b4
Ne6 9. Bb2 a5 10. e3 axb4 11. axb4 Rxa1+ 12. Bxa1 dxe5 13. Bc3 Nd7 14. Nxe5 Bd6
15. Nxd7 Qxd7 16. Ne4 O-O 17. Bd3 Rd8 18. Nxd6 Qxd6 19. Bxh7+ Kh8 20. O-O Ng5
21. Bf5 Qh6 22. f4 Ne6 23. Rd1 Qh5 24. Rxd8+ Nxd8 25. Bd3 Ne6 26. Qe2 Qh4 27.
Qf2 Qd8 28. Bc2 Ba6 29. Qg3 Bxc4 30. f5 Ng5 31. h4 Bd3 32. Bb3 Bxf5 33. Qxg5
Qxg5 34. hxg5 Kg8 35. Bd5 c5 36. bxc5 bxc5 37. e4 Bg6 38. Kf2 Kf8 39. Ke3 Ke7
40. Bxg7 1-0

[Event "Open SSM Inverno"]
[Site "Milano ITA"]
[Date "2015.02.05"]
[Round "8"]
[White "Rottondi, Paolo"]
[Black "Papale, Carmelo"]
[WhiteElo "1594"]
[BlackElo "1799"]
[Result "0-1"]
[PlyCount "92"]
[EventDate "2015.02.05"]

1. e4 c5 2. d4 cxd4 3. c3 dxc3 4. Nxc3 Nc6 5. Nf3 d6 6. Bc4 Nf6 7. e5 dxe5 8.
Qxd8+ Kxd8 9. Ng5 Na5 10. Nxf7+ Ke8 11. Nxe5 Nxc4 12. Nxc4 Bf5 13. Be3 e6 14.
Bf4 Rd8 15. Rd1 Bb4 16. Rxd8+ Kxd8 17. Ne5 Ke7 18. O-O Rd8 19. h3 h6 20. Nb5 a6
21. Nc7 Ba5 22. Rc1 Nh5 23. Be3 Bxc7 24. Rxc7+ Kd6 25. Nf7+ Kxc7 26. Nxd8 Bxh3
27. Nxb7 Bxg2 28. Nc5 Bb7 29. Nxe6+ Kd6 30. Nf4 Nf6 31. Kf1 Ng4 32. Bd4 g5 33.
Nh3 Nh2+ 34. Ke2 Nf3 35. Bg7 h5 36. Kf1 Kd5 37. Ng1 Nh2+ 38. Ke2 Kc4 39. Bf8 g4
40. Bd6 Nf3 41. Nxf3 Bxf3+ 42. Kf1 h4 43. Kg1 Kd5 44. Bf4 Kc4 45. a4 a5 46. Bc7
Kb4 0-1

[Event "Open SSM Inverno"]
[Site "Milano ITA"]
[Date "2015.02.05"]
[Round "8"]
[White "Rutigliano, Cesare"]
[Black "Villalba, Fernando"]
[WhiteElo "1625"]
[BlackElo "1833"]
[Result "0-1"]
[PlyCount "76"]
[EventDate "2015.02.05"]

1. e4 c5 2. Nc3 d6 3. f4 g6 4. Nf3 Bg7 5. Bb5+ Nc6 6. O-O Nf6 7. d3 O-O 8. a3
Bg4 9. Bxc6 bxc6 10. Qe1 Rb8 11. Rb1 Nd7 12. Nd1 Nb6 13. Ne3 Bc8 14. c3 Ba6 15.
Qd1 Nd7 16. c4 Bc8 17. b3 Nf6 18. Bb2 a5 19. a4 Bh6 20. Ng5 Bg7 21. f5 e6 22.
fxg6 fxg6 23. Nf3 e5 24. Bc3 Ng4 25. Qe1 Nf6 26. Bxa5 Qe7 27. Bd2 Nh5 28. Qh4
Bf6 29. Qf2 Nf4 30. Ne1 Bh4 31. Qf3 Nh3+ 32. Qxh3 Bxh3 33. Rxf8+ Rxf8 34. gxh3
Bf2+ 35. Kh1 Qh4 36. N1g2 Qxh3 37. Nf1 Bd4 38. Be3 Rxf1+ 0-1

[Event "Open SSM Inverno"]
[Site "Milano ITA"]
[Date "2015.02.05"]
[Round "8"]
[White "Spina, Antonio"]
[Black "Ciciotti, Augusto"]
[WhiteElo "1467"]
[BlackElo "1882"]
[Result "0-1"]
[PlyCount "66"]
[EventDate "2015.02.05"]

1. d4 Nf6 2. c4 g6 3. Nf3 Bg7 4. Nc3 O-O 5. e4 d6 6. Bd3 Nbd7 7. O-O e5 8. Bg5
h6 9. Be3 Ng4 10. d5 Nxe3 11. fxe3 Nc5 12. Bc2 a5 13. Na4 Na6 14. a3 Bd7 15.
Qd2 Qe8 16. Nc3 b6 17. Bd3 Nc5 18. Nb5 Bxb5 19. cxb5 Nb3 20. Qc3 Nxa1 21. Rxa1
Qe7 22. Rc1 Rac8 23. a4 f5 24. b4 axb4 25. Qxb4 f4 26. a5 fxe3 27. Rc6 bxa5 28.
Qc3 Rxf3 29. gxf3 Qh4 30. b6 Qf2+ 31. Kh1 e2 32. Bxe2 Qxe2 33. b7 Qf1# 0-1